Children in crisis : (Record no. 17461)

000 -LEADER
fixed length control field 00629nam a2200181 a 4500
001 - CONTROL NUMBER
control field :::00021415$&:&@@
003 - CONTROL NUMBER IDENTIFIER
control field OkBaRHE
005 - DATE AND TIME OF LATEST TRANSACTION
control field 20090408121426.0
008 - FIXED-LENGTH DATA ELEMENTS--GENERAL INFORMATION
fixed length control field s1996 j 000 0 eng u
040 ## - CATALOGING SOURCE
Transcribing agency
245 10 - TITLE STATEMENT
Title Children in crisis :
Remainder of title a new commitment
Statement of responsibility, etc Editor Kilbourn,Phyllis
260 ## - PUBLICATION, DISTRIBUTION, ETC. (IMPRINT)
Place of publication, distribution, etc Monrovia,California
Name of publisher, distributor, etc Marc Publications
Date of publication, distribution, etc c1996
300 ## - PHYSICAL DESCRIPTION
Extent v, 272 p. : ill. ;
Dimensions 24 cm
650 ## - SUBJECT ADDED ENTRY--TOPICAL TERM
Topical term or geographic name as entry element Child welfare
650 ## - SUBJECT ADDED ENTRY--TOPICAL TERM
Topical term or geographic name as entry element Church work with children
942 ## - ADDED ENTRY ELEMENTS (KOHA)
Source of classification or shelving scheme
Koha item type Books
Copies
Withdrawn status Full call number Koha item type Barcode Shelving location Date acquired Source of classification or shelving scheme Permanent Location Damaged status Price effective from Lost status Current Location Not for loan Date last seen Copy number
 BV 639 .C4Books21415General Stacks2010-04-14 RHEMA Bible Training College 2010-04-14 RHEMA Bible Training College 2012-02-231